| 000 | 00575nam a2200193 a 4500 | ||
|---|---|---|---|
| 003 | PILC | ||
| 005 | 20160205084855.0 | ||
| 008 | 120620s19uu xx 00 eng d | ||
| 020 | _a9780521707817 | ||
| 050 |
_aBF 431 _b.H814 2011 |
||
| 100 | _aHunt, Earl. | ||
| 245 |
_aHuman intelligence / _cEarl Hunt. |
||
| 260 |
_aNew York, United States : _bCambridge University Press, _c2011. |
||
| 300 |
_a507 pages : _c26 cm. _billustrations ; |
||
| 500 | _aIncludes bibliographical references and indexes. | ||
| 650 | _aIntellectual. | ||
| 942 |
_cBK _2lcc _kFOR |
||
| 999 |
_c25172 _d25172 |
||